| 000 | 00357cam a22001097a 4500 | ||
|---|---|---|---|
| 008 | 180718b1910 xxu||||| |||| 00| 0 eng d | ||
| 082 | _aC43x54 W155 | ||
| 100 | _aWallace, Lieut.-Colonel R. | ||
| 245 |
_aThe guicowar, and his relation with the bristish government _cby Lieut.-Colonel R. Wallace |
||
| 260 |
_aBombay _bThe Times Press _c1910 |
||
| 300 | _aii,717p. | ||
| 999 |
_c438362 _d438362 |
||